| 000 | 00454nam a2200133Ia 4500 | ||
|---|---|---|---|
| 008 | 170516s9999 xx 000 0 und d | ||
| 245 | 2 | _aA Survey of Organ Equivalent and Effective Doses from Diagnostic Radiology Procedures, Ernest K. Osei and Johnson Darko | |
| 260 | _bISRN Radiology | ||
| 260 | _c2013 | ||
| 300 | _a: | ||
| 650 | _xRadiologic Technology | ||
| 650 | _xRadtech | ||
| 856 | _uhttps://www.hindawi.com/journals/isrn/contents/radiology/2/ | ||
| 999 |
_c332120 _d332120 |
||